Normal view
MARC view
Entry Topical Term
001 - CONTROL NUMBER
- control field: 41490
003 - CONTROL NUMBER IDENTIFIER
- control field: ARRUPE
005 - DATE AND TIME OF LATEST TRANSACTION
- control field: 20180412101205.0
008 - FIXED-LENGTH DATA ELEMENTS
- fixed length control field: 180412|| aca||aabn | a|a d
040 ## - CATALOGING SOURCE
- Original cataloging agency: ARRUPE
- Transcribing agency: ARRUPE
150 ## - HEADING--TOPICAL TERM
- Topical term or geographic name as entry element: Folk literature, Bantu
- Geographic subdivision: Congo (Democratic Republic)
670 ## - SOURCE DATA FOUND
- Source citation: Work cat.: (ARRUPE)0: Ize-Senze. 41489, Symbolique verbale et rituelle chez les Sakata, Lele, Wongo, Kuba, Lulua, Mbole et Vira (Rép. du Zaïre) /, 1984.